Logo BPK

Biblioteka

Politechniki Koszalińskiej

Uczeni polscy XIX-XX stulecia. / (Rekord nr 36395)

Szczegóły MARC
000 -ETYKIETA REKORDU
podpole kontrolne o stałej długości 00690nam a2200229 i 4500
001 - NUMER KONTROLNY REKORDU
pole kontrolne bg
020 ## - MIĘDZYNARODOWY ZNORMALIZOWANY NUMER KSIĄŻKI - ISBN
ISBN 8385787216 (t. 3)
020 ## - MIĘDZYNARODOWY ZNORMALIZOWANY NUMER KSIĄŻKI - ISBN
ISBN 8385787070 (całość)
040 ## - ŹRÓDŁO KATALOGOWANIA
Instytucja, która utworzyła rekord BPK
041 0# - KOD JĘZYKA
Kod języka tekstu pl
080 ## - UNIWERSALNA KLASYFIKACJA DZIESIĘTNA - UKD
UKD 001:929-052](438)"18/19"
920 ## - Międzynarodowy znormalizowany numer książki – ISBN
ISBN 83-85787-21-6 (t. 3)
920 ## - Międzynarodowy znormalizowany numer książki – ISBN
ISBN 83-85787-07-0 (całość)
008 - POLE O STAŁEJ DŁUGOŚCI - DANE KONTROLNE
podpole kontrolne o stałej długości s pl f |000 0 pol
100 1# - NAZWA OSOBOWA
Nazwa osobowa ŚRÓDKA, Andrzej
245 10 - TYTUŁ/ODPOWIEDZIALNOŚĆ
Tytuł Uczeni polscy XIX-XX stulecia. /
Pozostałe elementy strefy tytułu i oznaczenia odpowiedzialności Andrzej Śródka
Oznaczenie części/sekcji dzieła T. 3, M-R.
260 ## - STREFA ADRESU WYDAWNICZEGO
Miejsce wydania Warszawa :
Nazwa wydawcy/dystrybutora "Aries",
Data publikacji, dystrybucji/powstania dokumentu 1997.
300 ## - STREFA OPISU FIZYCZNEGO
Objętość 622, [2] s. :
Inne cechy fizyczne faks., portr., err. ;
Rozmiary 25 cm.
504 ## - UWAGA DOTYCZĄCA BIBLIOGRAFII
Informacje o bibliografii Źródła podobizn s. 615-616.
650 #9 - HASŁO PRZEDMIOTOWE W FORMIE NAZWY OGÓLNEJ LUB JEDNOSTKOWEJ
Nazwa ogólna lub geograficzna Nauka
Określnik ogólny biografie
Określnik geograficzny Polska
Określnik chronologiczny 19-20 w.
856 ## - LOKALIZACJA I DOSTĘP DO ELEKTRONICZNYCH DOKUMENTÓW ZDALNYCH
Link (URL) http://koha.tu.koszalin.pl/cgi-bin/koha/opac-detail.pl?biblionumber=36395
Tekst linku Katalog online BPK
942 ## - DODATKOWE ELEMENTY (KOHA)
Typ dokumentu Książka
Egzemplarze
Wycofany Status egzemplarza Uszkodzony Dostępność Lokalizacja stała Lokalizacja bieżąca Miejsce przechowywania Sygnatura Kod kreskowy Typ dokumentu
      Dostępny Biblioteka Politechniki Koszalińskiej Biblioteka Politechniki Koszalińskiej Wypożyczalnia BG 50752 01455717 Książka
© 2023 Biblioteka Politechniki Koszalińskiej :: KOHA